000 00330nam a2200145 i 4500
001 bg
100 1 _aCHMELA, Pavel
245 0 _aWprowadzenie do optyki nieliniowej /
_cP. Chmela.
260 _aWarszawa,
_c1987.
040 _cBPK
041 _apol
080 _a535
942 _cKS
008 s pl f |000 0 pol
999 _c23742
_d23742
856 _uhttp://koha.tu.koszalin.pl/cgi-bin/koha/opac-detail.pl?biblionumber=23742
_yKatalog online BPK